| 000 | 00784cam a22002651 4500 | ||
|---|---|---|---|
| 001 | 25222 | ||
| 003 | BD-RjUL | ||
| 005 | 20211209050841.0 | ||
| 008 | 140316s19661964enk b 001 0 eng | ||
| 035 | _a(BD-RjUL)25291 | ||
| 035 | _a(OCoLC)682954 | ||
| 040 |
_aDLC _cDLC _dOCoLC _dUk _dDLC _dWaU _dDLC _beng |
||
| 041 | _aeng | ||
| 082 |
_a301.4 _bAZS 1966 |
||
| 100 | 0 |
_aʻAzīz Aḥmad, _d1913-1978. _977581 |
|
| 245 | 1 | 0 |
_aStudies in Islamic culture in the Indian environment / _cʻAzīz Aḥmad, |
| 260 |
_aOxford : _bClarendon Press, _cC1964 [Reprinting 1966] |
||
| 300 |
_ax, 311 p. ; _c23 cm. |
||
| 504 | _aincludes index | ||
| 650 | 0 |
_aMuslims _zIndia _xHistory. _977582 |
|
| 650 | 0 |
_aIslam _zIndia. _977043 |
|
| 942 |
_2ddc _cBK |
||
| 999 |
_c25222 _d25222 |
||